In the mirror of mandal (Record no. 172812)

MARC details
000 -LEADER
fixed length control field 00569nam a2200193Ia 4500
003 - CONTROL NUMBER IDENTIFIER
control field OSt
005 - DATE AND TIME OF LATEST TRANSACTION
control field 20250808144425.0
008 - FIXED-LENGTH DATA ELEMENTS--GENERAL INFORMATION
fixed length control field 210423s1992 xx 000 0 und d
020 ## - INTERNATIONAL STANDARD BOOK NUMBER
International Standard Book Number 8120203526
040 ## - CATALOGING SOURCE
Transcribing agency AL
041 ## - LANGUAGE CODE
Language code of text/sound track or separate title English
082 ## - DEWEY DECIMAL CLASSIFICATION NUMBER
Classification number 303.372
Item number KARI
100 ## - MAIN ENTRY--PERSONAL NAME
Personal name Hiranmay Karlekar
9 (RLIN) 112421
245 ## - TITLE STATEMENT
Title In the mirror of mandal
Remainder of title : social justice caste class and the individual
260 ## - PUBLICATION, DISTRIBUTION, ETC.
Place of publication, distribution, etc. Delhi
Name of publisher, distributor, etc. Ajanta Publications
Date of publication, distribution, etc. 1992
365 ## - TRADE PRICE
Price amount 150
Currency code INR
906 ## - LOCAL DATA ELEMENT F, LDF (RLIN)
a caste ; class ; individuals. ; justice ; mandal: ; mirror ; society
942 ## - ADDED ENTRY ELEMENTS (KOHA)
Source of classification or shelving scheme Dewey Decimal Classification
Koha item type Book
Holdings
Withdrawn status Lost status Damaged status Not for loan Collection code Home library Current library Date acquired Cost, normal purchase price Total Checkouts Full call number Barcode Date last seen Date last checked out Price effective from Koha item type
        MSW St Aloysius PG Library St Aloysius PG Library 05/20/2002 150.00 1 303.372 KARI PG019378 03/14/2026 03/09/2026 04/26/2021 Book